Nationale Minderheiten und staatliche Minderheitenpolitik in Deutschland im 19. Jahrhundert. - Berlin : Akad.-Verl.. - 1999 [Rezension]
| Titel: | Nationale Minderheiten und staatliche Minderheitenpolitik in Deutschland im 19. Jahrhundert. - Berlin : Akad.-Verl.. - 1999 [Rezension] |
|---|---|
| Verfasser: | |
| In: |
Sorbisches Institut: Lětopis, Band 49, Heft 1 (2002), Seite 152-154 alle Artikel anzeigen |
| Veröffentlicht: | 2002 |
| Format: | Aufsatz |
| Sprache: | Deutsch |
X
alg: 39473575 001A $01999:12-11-16 001B $01999:03-08-21 $t21:00:50.000 001D $01999:12-11-16 001U $0utf8 001X $00 002@ $0Aox 003@ $0394735757 007A $0394735757 $aHEB 007T $0Herd50013 010@ $ager 011@ $a2002 021A $aNationale Minderheiten und staatliche Minderheitenpolitik in Deutschland im 19. Jahrhundert. - Berlin : Akad.-Verl.. - 1999 [Rezension] 028A $711198727X $8Hadler, Frank$Z1962- [Tp1] $9146486153 031A $d49 $e1 $h152-154 $j2002 039B $aIn $8--Abvc--Sorbisches Institut [Tb1]. Lětopis. - Bautzen : Domowina-Verl., 1992-. - ISSN 0943-2787 $x200200000490001848 $9048608750 039T $8--Aau--. Nationale Minderheiten und staatliche Minderheitenpolitik in Deutschland im 19. Jahrhundert. - Berlin : Akad.-Verl., 1999. - 212 S.. - ISBN 3-05-003343-6 $9061177741 045F $a900.9437 $eDDC23BSB 045F/01 $a900 045F/03 $g437 045T $a10 $a8,1 $a9,10 lok: 39473575 78 exp: 39473575 78 1 #EPN 201B/01 $018-11-16 $t12:33:44.000 201U/01 $0utf8 203@/01 $0791034364 208@/01 $a12-11-16 $be 209A/01 $a/ $f000 $x00 220C/01 $aTitelaufnehmer: jk 244Z/01 $2Trx $#Kesk- ja Ida- Euroopa kontseptsioonid $#Vidurio Europos koncepcijos $#East-Central Europe $#Keletközépeurópa-eszmék $#Europa Środkowo-Wschodnia koncepcje $#Európa stredovýchodná koncepcie $#Evropa střední, východní část koncepce $#Mitteleuropa $#Osteuropakonzeptionen $#Europa Środkowa koncepcje $#Stredná Európa koncepcie $#Střední Europa koncepce $8--Trx--Ostmitteleuropakonzeptionen $x01 $9391364286 244Z/01 $2Trx $#arvustused $#recenzijos $#Reviews $#recenziók $#recenzje $#recenzie $#recenze $8--Trx--Rezensionen $x02 $9391357441 247C/01 $82080>Marburg/Lahn, Herder-Institut, Forschungsbibliothek, Bibliographieportal $9336309341
| LEADER | 00000caa a22000002c 4500 | ||
|---|---|---|---|
| 001 | 394735757 | ||
| 003 | DE-603 | ||
| 005 | 20210803210050.0 | ||
| 007 | tu | ||
| 008 | 161112s2002 xx |||| | u00||u|ger c | ||
| 035 | |a (DE-599)HEB394735757 | ||
| 040 | |a DE-603 |b ger |c DE-603 |d DE-603 | ||
| 041 | |a ger | ||
| 082 | 0 | 4 | |8 1\u |a 900.9437 |q DE-101 |2 23/BSB |
| 084 | |a 10 |a 8,1 |a 9,10 |2 ssgn | ||
| 085 | |8 1\u |b 900 | ||
| 085 | |8 1\u |z 2 |s 437 | ||
| 100 | 1 | |a Hadler, Frank |d 1962- |0 (DE-603)146486153 |0 (DE-588)11198727X |2 gnd | |
| 245 | 0 | 0 | |a Nationale Minderheiten und staatliche Minderheitenpolitik in Deutschland im 19. Jahrhundert. - Berlin : Akad.-Verl.. - 1999 [Rezension] |
| 264 | 0 | |c 2002 | |
| 773 | 0 | 8 | |i In |a Sorbisches Institut |t Lětopis |d Bautzen : Domowina-Verl., 1992- |h 24 cm |x 0943-2787 |g Band 49, Heft 1 (2002), Seite 152-154 |w (DE-603)048608750 |w (DE-600)1116990-4 |
| 787 | 0 | 8 | |i Rezension von |t Nationale Minderheiten und staatliche Minderheitenpolitik in Deutschland im 19. Jahrhundert |d Berlin : Akad.-Verl., 1999 |h 212 S., 24 cm |z 3050033436 |w (DE-603)061177741 |
| 924 | 0 | |9 2080 |a (DE-603)791034364 |b DE-2080 |c HES |d d |g / | |


